|
|
|
|
| LEADER |
00000cam a2200000 i 4500 |
| 001 |
1/99738 |
| 008 |
950404s1956 gr | ||| |||| ||gre|| |
| 035 |
|
|
|l 10011422
|
| 040 |
|
|
|a GR-MY-UA
|b gre
|e aacr
|
| 041 |
0 |
|
|a gre
|
| 082 |
7 |
|
|a 888.2423
|2 (22)
|
| 100 |
1 |
|
|a Κοραής, Αδαμάντιος,
|d 1748-1833.
|
| 245 |
1 |
0 |
|a Τί πρέπει να κάμωσιν οι Γραικοί εις τας παρούσας περιστάσεις; :
|b διάλογος δύο Γραικών /
|c Αδαμάντιος Κοραής.
|
| 260 |
|
|
|a Αθήνα :
|b Νίκας,
|c 1956.
|
| 300 |
|
|
|a 67 σ. ;
|c 24 εκ.
|
| 650 |
0 |
0 |
|a Philhellenism
|z Europe.
|
| 650 |
0 |
0 |
|a Plays.
|
| 650 |
0 |
0 |
|a Greek literature.
|
| 852 |
|
|
|a INST
|b LESVOS
|e 19950404
|h 888.2423 ΚΟΡ
|p 005100001845
|q 005100001845
|t BK
|y 0
|
| 909 |
|
|
|a Λ
|b 040000
|
| 970 |
|
|
|z 2000/06
|